00397 2200157 4500001002100000005001700021020001800038035002500056082000800081100001600089245003300105250001000138260004500148300003500193990001100228INLIS00000000001241420150112162420.0 a979-605-708-5 a0010-011500000005187 a813 aEnid Blyton aLima Sekawan :bRawa Rahasia aCet.I aJakartabPT Gramedia Pustaka Utamac1998 a256 hlm.; 11x18 cm.c11x18 cm. a19.523